000 00531cam a2200169 4500500
005 20260329003404.0
041 _afre
042 _adc
100 1 0 _aPersonne, Thomas
_eauthor
245 0 0 _aL’Étonnement philosophique
260 _c2015.
500 _a34
690 _aHistoire de la philosophie
690 _aJeanne Hersch
786 0 _nPhilosophie magazine | 91 | 8 | 2015-07-01 | p. 55-55 | 1951-1787
856 4 1 _uhttps://shs.cairn.info/magazine-philosophie-magazine-2015-8-page-55?lang=fr&redirect-ssocas=7080
999 _c1824161
_d1824161